01600naa#a2200313#i#4500001002300000005001700023011001400040100004100054101000800095102000700103200013100110210016900241215001100410608004500421675012700466700005000593700005600643700005800699700006800757700005400825700005800879700004600937700005400983700006201037700006201099700005201161700005801213856001501271RU\INFRA-M\bibl\11388020260430161700.4##a2500-0535##a20260325b2026####ek#y0rusy0150####ca0#aENG##aRU1#aThe first results of observations of auroral hiss during the «North Pole–41» expeditioneЖурнальная статья1#aМоскваcОбщество с ограниченной ответственностью «Научно-издательский центр ИНФРА-М»d2026##a10 с.##aЖурнальная статья2local##aИоносфера: теории, влияния ионосферы, распределение и т. д.. 550.388.2zENG#1aЛебедьgОльга Михайловна#1aПильгаевgСергей Васильевич#1aЛарченкоgАлексей Викторович#1aБлаговещенскаяgНаталья Федоровна#1aКалишинgАлексей Сергеевич#1aБорисоваgТатьяна Дмитриевна#1aСтрибныйgОлег Юрьевич#1aФилатовgМихаил Валерьевич#1aКузнецоваgМарина Владимировна#1aНикитенкоgАлександр Сергеевич#1aБекетоваgЕлена Борисовна#1aФедоренкоgЮрий Валентинович4#anaukaru.ru